000 01666cam a22004454i 4500
003 PE-LiUPU
005 20250731173032.0
008 150623s r 000 0 d
020 _a1573121533
035 _a(Sirsi) i9781573121538
040 _aPE-LiUPU
_bspa
_cPE-LiUPU
_erda
049 _aPRUA
082 0 4 _a253
_bN56
_221
245 0 0 _aNo one told me! :
_ban honest look at ministry /
_ceditado por James E. Hightower.
264 1 _aMacon, Georgia :
_bSmyth & Helwys Publishing,
_c1997.
300 _a87 páginas ;
_c22 centímetros
336 _atext
_2rdacontent
337 _aunmediated
_2rdamedia
338 _avolume
_2rdacarrier
505 0 _aYou can't get your blessing from church. -Whose vision is it anyway? -sunday's coming-again. -Be prepared: fights are inevitable. -Lone ranger or the brady bunch: working as a team. -Finding and nurturing vounteers: the never-ending task. -No one told me I'd be supevising people.
526 _aSEG42
526 _aSEG41
526 _aSEG40
526 _aSEG39
526 _aP94
526 _aP87
526 _aP86
526 _aP85
526 _aP77
526 _aP76
526 _aP35
650 0 4 _aAdministración de iglesias.
700 1 _aHightower, James E.,
_eed.
942 _2ddc
_cBOOK
949 _a253 N56
_wDEWEY
_c1
_i48177
_lCCODEBUL1
_mBUL
_r0
_sY
_tBOOK
_u2015-6-24
_xTEOLOGIA
_PP35
_0COMPRA
_o.STAFF. Colección General
994 _aC0
_bPEPRU
596 _a1
999 _a253 N56
_wDEWEY
_c25153
_i48177
_f2021-11-10
_g5
_lCCODEBUL1
_mBUL
_r0
_sY
_tBOOK
_u2015-6-24
_xTEOLOGIA
_PP35
_0COMPRA
_o.STAFF. Colección General
_d25153
980 _81
_gALBERTO SANCHEZ Responsable de Automatización